<?xml version="1.0" encoding="UTF-8"?><?xml-stylesheet type="text/xsl" href="static/style.xsl"?><OAI-PMH xmlns="http://www.openarchives.org/OAI/2.0/" xmlns:xsi="http://www.w3.org/2001/XMLSchema-instance" xsi:schemaLocation="http://www.openarchives.org/OAI/2.0/ http://www.openarchives.org/OAI/2.0/OAI-PMH.xsd"><responseDate>2026-04-17T02:35:17Z</responseDate><request verb="GetRecord" identifier="oai:www.recercat.cat:2072/231090" metadataPrefix="marc">https://recercat.cat/oai/request</request><GetRecord><record><header><identifier>oai:recercat.cat:2072/231090</identifier><datestamp>2026-02-04T11:38:05Z</datestamp><setSpec>com_2072_220028</setSpec><setSpec>com_2072_4427</setSpec><setSpec>col_2072_220407</setSpec></header><metadata><record xmlns="http://www.loc.gov/MARC21/slim" xmlns:dcterms="http://purl.org/dc/terms/" xmlns:xsi="http://www.w3.org/2001/XMLSchema-instance" xmlns:doc="http://www.lyncode.com/xoai" xsi:schemaLocation="http://www.loc.gov/MARC21/slim http://www.loc.gov/standards/marcxml/schema/MARC21slim.xsd">
   <leader>00925njm 22002777a 4500</leader>
   <datafield ind2=" " ind1=" " tag="042">
      <subfield code="a">dc</subfield>
   </datafield>
   <datafield ind2=" " ind1=" " tag="720">
      <subfield code="a">Gutierrez Garcia-M., Anna</subfield>
      <subfield code="e">author</subfield>
   </datafield>
   <datafield ind2=" " ind1=" " tag="720">
      <subfield code="a">Lapuente Mercadal, María Pilar</subfield>
      <subfield code="e">author</subfield>
   </datafield>
   <datafield ind2=" " ind1=" " tag="720">
      <subfield code="a">Rodà de Llanza, Isabel</subfield>
      <subfield code="e">author</subfield>
   </datafield>
   <datafield ind2=" " ind1=" " tag="260">
      <subfield code="c">2012</subfield>
   </datafield>
   <datafield ind2=" " ind1=" " tag="520">
      <subfield code="a">Aquesta obra recull les aportacions (comunicacions orals i pòsters) que es van presentar durant el IX Congrés Internacional de l’Association for the Study of Marbles and Other Stones in Antiquity (ASMOSIA), celebrat a Tarragona entre el 8 i el 13 de juny del 2009.&#xd;
&#xd;
Aquest volum inclou 88 articles, que són un reflex fidel del resultat del punt de trobada per a la comunitat científica interessada en els materials lapidis (marmora i altres roques) per discutir i intercanviar noves dades i resultats sobre tots els aspectes (geològic, analític, arqueològic, artístic i històric) relacionats amb l'estudi dels materials lapidis a l’Antiguitat que fou el Congrés.&#xd;
&#xd;
Seguint les premisses de l’ASMOSIA, es fa especial atenció a una aproximació multidisciplinària i la col·laboració entre investigadors i professionals de diverses disciplines com a eina fonamental per avançar en la identificació, ús, comerç i explotació dels materials lapidis en època antiga.</subfield>
   </datafield>
   <datafield ind1="8" ind2=" " tag="024">
      <subfield code="a">http://hdl.handle.net/2072/231090</subfield>
   </datafield>
   <datafield ind1="8" ind2=" " tag="024">
      <subfield code="a">https://doi.org/10.51417/documenta_23</subfield>
   </datafield>
   <datafield ind2="0" ind1="0" tag="245">
      <subfield code="a">Interdisciplinary Studies on Ancient Stone. Proceedings of the IX ASMOSIA Conference (Tarragona 2009)</subfield>
   </datafield>
</record></metadata></record></GetRecord></OAI-PMH>